000 00652nam a2200253 i 4500
001 C2-0003575
003 PPAK
005 20190630221808.0
008 970121s1990 enka|||| ||||| | eng d
020 _a0861341252
040 _aPPAK
_beng
_cPPAK
_erda
082 0 4 _a523.2
_223
090 0 0 _a523.2
_bATL
_dR
245 0 4 _aThe atlas of the solar system
250 _aGarlick, Judy
264 1 _aLondon :
_bArtists House ,
_c1990
300 _a463 pages :
_billustrations ;
_c31 cm
336 _2rdacontent
_atext
337 _2rdamedia
_aunmediated
338 _2rdacarrier
_avolume
650 1 0 _aSolar system
700 _eauthor
942 _ddc
_cB
999 _c620
_d620